[Event "Zhong Hong Real Estate Cup"]
[Site "Beijing"]
[Date "2001.07.22"]
[Round "3"]
[White "Xu, Yaping"]
[Black "Wang, Zili"]
[Result "0-1"]
[WhiteElo "2050"]
[BlackElo "2557"]
[PlyCount "61"]
[EventDate "2001.07.20"]
[EventType "tourn"]
[EventRounds "11"]
[EventCountry "CHN"]
[EventCategory "10"]
[SourceTitle "CBM 085"]
[Source "ChessBase"]
[SourceDate "2001.11.13"]
[SourceVersion "1"]
[SourceVersionDate "2001.11.13"]
[SourceQuality "1"]

1. e4 c5 2. c3 Nf6 3. e5 Nd5 4. d4 cxd4 5. Nf3 Nc6 6. cxd4 d6 7. Bc4 e6 8. 0-0 Be7 9. Qe2 0-0 10. Nc3 dxe5 11. dxe5 Nxc3 12. bxc3 b6 13. Bb2 Bb7 14. Bd3 Qc7 15. Rfe1 Rfd8 16. h4 g6 17. Rad1 Bf8 18. Ng5 Bg7 19. f4 Ne7 20. Ne4 Nf5 21. Qf2 Bxe4 22. Bxe4 Rxd1 23. Rxd1 Rd8 24. Rxd8+ Qxd8 25. Bxf5 Bf8 26. Kh2 exf5 27. g3 Qd5 28. Bc1 Bc5 29. Qe2 h5 30. Qg2 Qc4 31. Qd2 0-1

[Event "Hebei zt 3.3"]
[Site "Hebei"]
[Date "2001.04.26"]
[Round "10"]
[White "Peng, Xiaomin"]
[Black "Wang, Zili"]
[Result "1/2-1/2"]
[WhiteElo "2648"]
[BlackElo "2580"]
[PlyCount "93"]
[EventDate "2001.04.16"]
[EventType "tourn"]
[EventRounds "13"]
[EventCountry "CHN"]
[EventCategory "12"]
[SourceTitle "EXT 2002"]
[Source "ChessBase"]
[SourceDate "2001.11.25"]
[SourceVersion "1"]
[SourceVersionDate "2001.11.25"]
[SourceQuality "1"]

1. e4 c5 2. Nf3 d6 3. Bb5+ Bd7 4. Bxd7+ Nxd7 5. 0-0 Ngf6 6. Qe2 e6 7. d3 Be7 8. Ng5 h6 9. Nh3 0-0 10. f4 b5 11. Be3 e5 12. Nd2 a6 13. Kh1 exf4 14. Rxf4 d5 15. Raf1 dxe4 16. dxe4 Bd6 17. Rf5 Qe7 18. Nf2 Rae8 19. b3 Bc7 20. Ng4 Nxg4 21. Qxg4 Ne5 22. Qh3 Qd6 23. Nf3 Re6 24. Nxe5 Rxe5 25. Bf4 Rxf5 26. exf5 Qc6 27. Bxc7 Qxc7 28. f6 Re8 29. fxg7 Re6 30. Qf3 Kxg7 31. h3 Rg6 32. Qc3+ Kg8 33. Rd1 Qe7 34. Qf3 Qf6 35. Qe2 Kg7 36. c4 bxc4 37. bxc4 Rg5 38. Rf1 Qd4 39. Rd1 Qf6 40. Re1 Qd4 41. a4 Rf5 42. Rd1 Rf2 43. Qe1 Qb2 44. Rb1 Qe2 45. Qxe2 Rxe2 46. Rb6 Rc2 47. Rxa6 1/2-1/2

[Event "Hebei zt 3.3"]
[Site "Hebei"]
[Date "2001.04.21"]
[Round "6"]
[White "Ni, Hua"]
[Black "Wang, Zili"]
[Result "1/2-1/2"]
[WhiteElo "2528"]
[BlackElo "2580"]
[PlyCount "33"]
[EventDate "2001.04.16"]
[EventType "tourn"]
[EventRounds "13"]
[EventCountry "CHN"]
[EventCategory "12"]
[SourceTitle "EXT 2002"]
[Source "ChessBase"]
[SourceDate "2001.11.25"]
[SourceVersion "1"]
[SourceVersionDate "2001.11.25"]
[SourceQuality "1"]

1. e4 c5 2. Nf3 d6 3. d4 cxd4 4. Nxd4 Nf6 5. Nc3 Nc6 6. Bg5 e6 7. Qd2 Be7 8. 0-0-0 0-0 9. f3 d5 10. Bb5 Nxd4 11. Qxd4 a6 12. Ba4 h6 13. Bh4 dxe4 14. Nxe4 Qxd4 15. Rxd4 g5 16. Bg3 Nxe4 17. Rxe4 1/2-1/2

[Event "Hebei zt 3.3"]
[Site "Hebei"]
[Date "2001.04.18"]
[Round "3"]
[White "Yu, Shaoteng"]
[Black "Wang, Zili"]
[Result "1/2-1/2"]
[WhiteElo "2502"]
[BlackElo "2580"]
[PlyCount "33"]
[EventDate "2001.04.16"]
[EventType "tourn"]
[EventRounds "13"]
[EventCountry "CHN"]
[EventCategory "12"]
[SourceTitle "EXT 2002"]
[Source "ChessBase"]
[SourceDate "2001.11.25"]
[SourceVersion "1"]
[SourceVersionDate "2001.11.25"]
[SourceQuality "1"]

1. e4 c5 2. Nf3 d6 3. Bb5+ Bd7 4. Bxd7+ Qxd7 5. c4 Nf6 6. Nc3 Nc6 7. d4 cxd4 8. Nxd4 g6 9. Nce2 Bg7 10. 0-0 0-0 11. f3 Rfc8 12. b3 a6 13. a4 Qd8 14. Be3 Nd7 15. Rb1 Nc5 16. Kh1 Rab8 17. h3 1/2-1/2